Vista normal Vista MARC

Entrada Materia (personas)

Número de registros utilizados en: 1

001 - CONTROL NUMBER

  • control field: 77553

003 - CONTROL NUMBER IDENTIFIER

  • control field: Co-BoUCM

005 - DATE AND TIME OF LATEST TRANSACTION

  • control field: 20160603140935.0

008 - FIXED-LENGTH DATA ELEMENTS

  • fixed length control field: 160603|| aca||aabn | a|a d

040 ## - CATALOGING SOURCE

  • Original cataloging agency: Co-BoUCM
  • Transcribing agency: Co-BoUCM

100 ## - HEADING--PERSONAL NAME

  • Personal name: Parra-Pérez, Caracciolo
  • Dates associated with a name: 1888-1963

670 ## - SOURCE DATA FOUND

  • Source citation: Work cat.: (Co-BoUCM): Parra-Pérez, Caracciolo 1888-1963 , La Cartera del coronel conde de Adlercreutz, 1928